000
00200 a2200097 4500
001
13547
100
_a
Bowle J
245
_a
Minas or minotaur
260
_a
London
_b
A W bain
_c
090
_c
10550
_d
10550
942
_a
NUST-CAE
_c
M
_c
615
999
_c
248620
_d
248620